[Event "Blitz 2018"]
[Site "Saint-Petersburg"]
[Date "2018.12.30"]
[Round "17"]
[Board "14"]
[White "Sjugirov Sanan (RUS)"]
[Black "Sychev Klementy (RUS)"]
[Result "1/2-1/2"]
[LiveChessVersion "1.4.8"]
[BlackElo "2594"]
[WhiteElo "2748"]

1. Nf3 {[%clk 0:03:02]} Nf6 {[%clk 0:03:03]} 2. c4 {[%clk 0:03:03]} g6
{[%clk 0:03:04]} 3. Nc3 {[%clk 0:03:04]} d5 {[%clk 0:03:06]} 4. cxd5
{[%clk 0:03:05]} Nxd5 {[%clk 0:03:07]} 5. h4 {[%clk 0:03:03]} Bg7
{[%clk 0:03:07]} 6. e4 {[%clk 0:03:04]} Nxc3 {[%clk 0:03:08]} 7. dxc3
{[%clk 0:03:05]} Qxd1+ {[%clk 0:03:09]} 8. Kxd1 {[%clk 0:03:06]} Nd7
{[%clk 0:03:10]} 9. Nd4 {[%clk 0:03:02]} c5 {[%clk 0:03:11]} 10. Nb5
{[%clk 0:03:01]} Be5 {[%clk 0:03:13]} 11. a4 {[%clk 0:02:49]} a6 {[%clk 0:03:00]}
12. Na3 {[%clk 0:02:50]} b6 {[%clk 0:02:05]} 13. Nc4 {[%clk 0:02:44]} Bc7
{[%clk 0:02:05]} 14. h5 {[%clk 0:02:44]} gxh5 {[%clk 0:01:19]} 15. f3
{[%clk 0:02:41]} Nf6 {[%clk 0:01:01]} 16. Bg5 {[%clk 0:02:34]} Be6
{[%clk 0:00:51]} 17. Kc2 {[%clk 0:02:26]} Kd7 {[%clk 0:00:36]} 18. Bxf6
{[%clk 0:02:20]} exf6 {[%clk 0:00:37]} 19. Rxh5 {[%clk 0:02:20]} b5
{[%clk 0:00:19]} 20. Ne3 {[%clk 0:02:16]} Kc6 {[%clk 0:00:19]} 21. Nd5
{[%clk 0:02:06]} Be5 {[%clk 0:00:19]} 22. Rd1 {[%clk 0:01:22]} bxa4
{[%clk 0:00:15]} 23. Bc4 {[%clk 0:01:20]} a3 {[%clk 0:00:15]} 24. bxa3
{[%clk 0:01:20]} h6 {[%clk 0:00:10]} 25. g4 {[%clk 0:01:14]} Rh7 {[%clk 0:00:09]}
26. Rb1 {[%clk 0:01:11]} Rhh8 {[%clk 0:00:05]} 27. f4 {[%clk 0:01:01]} Bd6
{[%clk 0:00:05]} 28. Rb6+ {[%clk 0:01:02]} Kd7 {[%clk 0:00:07]} 29. Rh1
{[%clk 0:00:52]} Rhb8 {[%clk 0:00:06]} 30. Nxf6+ {[%clk 0:00:39]} Ke7
{[%clk 0:00:07]} 31. Rxb8 {[%clk 0:00:40]} Rxb8 {[%clk 0:00:09]} 32. Bxe6
{[%clk 0:00:40]} Kxf6 {[%clk 0:00:07]} 33. e5+ {[%clk 0:00:12]} Bxe5
{[%clk 0:00:08]} 34. fxe5+ Kxe6 {[%clk 0:00:09]} 35. Rxh6+ {[%clk 0:00:11]} Kxe5
{[%clk 0:00:10]} 36. Rxa6 {[%clk 0:00:13]} Rg8 {[%clk 0:00:11]} 37. Ra4
{[%clk 0:00:12]} Kd5 {[%clk 0:00:13]} 38. Rf4 {[%clk 0:00:13]} Ke5
{[%clk 0:00:12]} 39. Rf5+ {[%clk 0:00:12]} Ke6 {[%clk 0:00:11]} 40. Rxc5
{[%clk 0:00:10]} Rxg4 {[%clk 0:00:11]} 41. Kb3 {[%clk 0:00:06]} f5
{[%clk 0:00:12]} 42. a4 {[%clk 0:00:06]} Rg8 {[%clk 0:00:13]} 43. Rc6+
{[%clk 0:00:06]} Kd5 {[%clk 0:00:13]} 44. Rf6 {[%clk 0:00:07]} Ke5
{[%clk 0:00:15]} 45. Rf7 {[%clk 0:00:09]} Ke6 {[%clk 0:00:16]} 46. Rh7
{[%clk 0:00:09]} Rf8 {[%clk 0:00:17]} 47. Rh6+ {[%clk 0:00:05]} Kd5
{[%clk 0:00:18]} 48. Rh5 {[%clk 0:00:06]} Kc6 {[%clk 0:00:19]} 49. Kc4
{[%clk 0:00:06]} f4 {[%clk 0:00:20]} 50. Rh6+ {[%clk 0:00:06]} Kb7
{[%clk 0:00:21]} 51. Rh2 {[%clk 0:00:07]} f3 {[%clk 0:00:22]} 52. Rf2
{[%clk 0:00:09]} Rf4+ {[%clk 0:00:23]} 53. Kd3 {[%clk 0:00:10]} Rxa4
{[%clk 0:00:24]} 54. Rxf3 {[%clk 0:00:12]} Kc6 {[%clk 0:00:22]} 55. Rf6+
{[%clk 0:00:13]} Kd7 {[%clk 0:00:23]} 56. c4 {[%clk 0:00:14]} Ra5
{[%clk 0:00:23]} 57. Kd4 {[%clk 0:00:16]} Rh5 {[%clk 0:00:24]} 58. c5
{[%clk 0:00:16]} Kc7 {[%clk 0:00:25]} 59. Kc4 {[%clk 0:00:17]} Rh1
{[%clk 0:00:25]} 60. Rf4 {[%clk 0:00:18]} Kc6 {[%clk 0:00:26]} 1/2-1/2

[Event "Blitz 2018"]
[Site "Saint-Petersburg"]
[Date "2018.12.30"]
[Round "17"]
[Board "17"]
[White "Bosiocic Marin (CRO)"]
[Black "Tang Andrew (USA)"]
[Result "1-0"]
[LiveChessVersion "1.4.8"]
[BlackElo "2501"]
[WhiteElo "2653"]

1. e4 {[%clk 0:03:03]} e5 {[%clk 0:03:03]} 2. Nf3 {[%clk 0:03:05]} Nc6
{[%clk 0:03:05]} 3. Bb5 {[%clk 0:03:06]} a6 {[%clk 0:03:06]} 4. Ba4
{[%clk 0:03:07]} Nf6 5. d3 d6 {[%clk 0:03:08]} 6. c4 {[%clk 0:03:09]} Bd7
{[%clk 0:03:01]} 7. Be3 {[%clk 0:03:09]} g6 {[%clk 0:03:01]} 8. Nc3
{[%clk 0:03:08]} Bg7 {[%clk 0:03:00]} 9. O-O {[%clk 0:03:08]} O-O
{[%clk 0:02:59]} 10. Nd5 {[%clk 0:03:03]} Ne7 {[%clk 0:02:18]} 11. Bxd7
{[%clk 0:02:59]} Nxd7 {[%clk 0:02:12]} 12. d4 {[%clk 0:02:59]} c6
{[%clk 0:01:56]} 13. Nc3 {[%clk 0:03:00]} Qc7 {[%clk 0:01:54]} 14. d5
{[%clk 0:02:57]} h6 {[%clk 0:01:37]} 15. Qd2 {[%clk 0:02:57]} Kh7
{[%clk 0:01:38]} 16. dxc6 {[%clk 0:02:55]} bxc6 {[%clk 0:01:38]} 17. Rad1
{[%clk 0:02:53]} Nc8 {[%clk 0:01:39]} 18. Qc2 {[%clk 0:02:39]} Re8
{[%clk 0:01:34]} 19. Rd2 {[%clk 0:02:38]} Nf8 {[%clk 0:01:35]} 20. c5
{[%clk 0:02:33]} dxc5 {[%clk 0:01:34]} 21. Bxc5 {[%clk 0:02:34]} Ne6
{[%clk 0:01:35]} 22. Be3 {[%clk 0:02:32]} Nd6 {[%clk 0:01:29]} 23. b3
{[%clk 0:02:30]} Nb5 {[%clk 0:01:28]} 24. Nxb5 {[%clk 0:02:22]} axb5
{[%clk 0:01:29]} 25. Rc1 {[%clk 0:02:17]} Rac8 {[%clk 0:01:25]} 26. a4
{[%clk 0:02:18]} Qb7 {[%clk 0:01:24]} 27. a5 {[%clk 0:02:09]} c5 {[%clk 0:01:25]}
28. Rd5 {[%clk 0:01:55]} Nd4 {[%clk 0:01:09]} 29. Bxd4 {[%clk 0:01:55]} cxd4
{[%clk 0:01:02]} 30. Qd1 {[%clk 0:01:55]} Rxc1 {[%clk 0:00:57]} 31. Qxc1
{[%clk 0:01:56]} Rc8 {[%clk 0:00:59]} 32. Qd1 {[%clk 0:01:34]} f5
{[%clk 0:00:54]} 33. Nxe5 {[%clk 0:01:28]} fxe4 {[%clk 0:00:54]} 34. Rd7
{[%clk 0:01:23]} Rc7 {[%clk 0:00:56]} 35. a6 {[%clk 0:00:50]} Qa7
{[%clk 0:00:35]} 36. Nc6 {[%clk 0:00:31]} Qb6 {[%clk 0:00:29]} 37. a7
{[%clk 0:00:23]} Rc8 {[%clk 0:00:15]} 38. Nxd4 {[%clk 0:00:22]} Ra8
{[%clk 0:00:13]} 39. Ne6 {[%clk 0:00:10]} Qxe6 {[%clk 0:00:10]} 40. Qd4
{[%clk 0:00:11]} Qg8 {[%clk 0:00:11]} 41. Qf6 {[%clk 0:00:10]} Kh8
{[%clk 0:00:10]} 42. Qxg6 Qf8 43. Rf7 {[%clk 0:00:09]} Qg8 {[%clk 0:00:10]} 44.
g4 {[%clk 0:00:09]} Rc8 {[%clk 0:00:10]} 45. Kg2 {[%clk 0:00:07]} e3
{[%clk 0:00:12]} 46. fxe3 {[%clk 0:00:07]} Re8 {[%clk 0:00:11]} 47. h4
{[%clk 0:00:05]} Rd8 {[%clk 0:00:12]} 48. g5 {[%clk 0:00:06]} Rd2+
{[%clk 0:00:13]} 49. Kf1 {[%clk 0:00:04]} Ra2 {[%clk 0:00:08]} 50. gxh6
{[%clk 0:00:04]} Bc3 {[%clk 0:00:08]} 51. Qxg8+ {[%clk 0:00:04]} Kxg8
{[%clk 0:00:10]} 52. Rc7 {[%clk 0:00:06]} Be5 {[%clk 0:00:04]} 53. Rc8+
{[%clk 0:00:07]} 1-0

[Event "Blitz 2018"]
[Site "Saint-Petersburg"]
[Date "2018.12.30"]
[Round "17"]
[Board "18"]
[White "Kovalenko Igor (LAT)"]
[Black "Anand Viswanathan (IND)"]
[Result "1-0"]
[LiveChessVersion "1.4.8"]
[BlackElo "2832"]
[WhiteElo "2693"]

1. d4 {[%clk 0:03:02]} Nf6 {[%clk 0:03:03]} 2. Nf3 {[%clk 0:03:04]} d5
{[%clk 0:03:04]} 3. c4 {[%clk 0:03:05]} e6 {[%clk 0:03:05]} 4. Nc3
{[%clk 0:03:06]} Bb4 {[%clk 0:03:05]} 5. Bg5 {[%clk 0:03:06]} h6 {[%clk 0:03:06]}
6. Bxf6 {[%clk 0:03:07]} Qxf6 {[%clk 0:03:06]} 7. Qa4+ {[%clk 0:03:09]} Nc6
{[%clk 0:03:07]} 8. e3 {[%clk 0:03:10]} O-O {[%clk 0:03:02]} 9. Be2
{[%clk 0:03:11]} dxc4 {[%clk 0:02:59]} 10. a3 {[%clk 0:02:57]} Bxc3+
{[%clk 0:02:58]} 11. bxc3 {[%clk 0:02:58]} Bd7 {[%clk 0:02:51]} 12. Qxc4
{[%clk 0:02:57]} Rac8 {[%clk 0:02:44]} 13. O-O {[%clk 0:02:55]} Na5
{[%clk 0:02:45]} 14. Qb4 {[%clk 0:02:52]} b6 {[%clk 0:02:46]} 15. Ne5
{[%clk 0:02:50]} Rfd8 {[%clk 0:02:38]} 16. a4 {[%clk 0:02:10]} c5
{[%clk 0:02:38]} 17. Qa3 {[%clk 0:02:12]} Be8 {[%clk 0:02:35]} 18. Rfd1
{[%clk 0:02:05]} Qe7 {[%clk 0:02:31]} 19. Bb5 {[%clk 0:01:37]} Qc7
{[%clk 0:02:15]} 20. h3 {[%clk 0:01:33]} Rd5 {[%clk 0:02:02]} 21. Qb2
{[%clk 0:01:21]} Rcd8 {[%clk 0:01:49]} 22. Bd3 {[%clk 0:01:20]} R5d6
{[%clk 0:01:33]} 23. Qe2 {[%clk 0:01:10]} Nc6 {[%clk 0:01:28]} 24. Nc4
{[%clk 0:01:08]} R6d7 {[%clk 0:01:29]} 25. Be4 {[%clk 0:01:06]} Rc8
{[%clk 0:01:18]} 26. Bxc6 {[%clk 0:01:07]} Qxc6 27. Ne5 {[%clk 0:01:10]} Qc7
{[%clk 0:01:18]} 28. Nxd7 Bxd7 {[%clk 0:01:19]} 29. dxc5 {[%clk 0:01:11]} bxc5
{[%clk 0:01:20]} 30. a5 {[%clk 0:01:12]} Bc6 {[%clk 0:01:21]} 31. Qg4
{[%clk 0:01:03]} Qe5 {[%clk 0:01:19]} 32. c4 {[%clk 0:01:04]} Be4
{[%clk 0:01:11]} 33. Qf4 {[%clk 0:01:03]} Qxf4 {[%clk 0:01:11]} 34. exf4
{[%clk 0:01:05]} Bc6 {[%clk 0:01:12]} 35. a6 {[%clk 0:00:58]} Kf8
{[%clk 0:01:10]} 36. Ra5 {[%clk 0:00:59]} 1-0

[Event "Blitz 2018"]
[Site "Saint-Petersburg"]
[Date "2018.12.30"]
[Round "17"]
[Board "19"]
[White "Fedoseev Vladimir (RUS)"]
[Black "Inarkiev Ernesto (RUS)"]
[Result "1-0"]
[LiveChessVersion "1.4.8"]
[BlackElo "2674"]
[WhiteElo "2750"]

1. c4 {[%clk 0:03:03]} e6 {[%clk 0:03:03]} 2. Nf3 {[%clk 0:03:03]} d5
{[%clk 0:03:05]} 3. e3 {[%clk 0:02:54]} Nf6 {[%clk 0:02:59]} 4. b3
{[%clk 0:02:54]} Be7 {[%clk 0:02:56]} 5. Bb2 {[%clk 0:02:55]} O-O
{[%clk 0:02:57]} 6. cxd5 {[%clk 0:02:56]} exd5 {[%clk 0:02:43]} 7. Be2
{[%clk 0:02:54]} Bg4 {[%clk 0:02:39]} 8. O-O {[%clk 0:02:53]} Nbd7
{[%clk 0:02:40]} 9. Nc3 {[%clk 0:02:51]} c6 {[%clk 0:02:41]} 10. d3
{[%clk 0:02:39]} Bd6 {[%clk 0:02:40]} 11. h3 {[%clk 0:02:35]} Bh5
{[%clk 0:02:40]} 12. Nd4 {[%clk 0:02:18]} Bxe2 {[%clk 0:02:40]} 13. Ncxe2
{[%clk 0:02:17]} Re8 {[%clk 0:02:41]} 14. Qc2 {[%clk 0:02:13]} Rc8
{[%clk 0:02:21]} 15. Rad1 {[%clk 0:02:12]} Bf8 {[%clk 0:02:15]} 16. Nf3
{[%clk 0:02:02]} c5 {[%clk 0:02:11]} 17. e4 {[%clk 0:01:36]} Bd6 {[%clk 0:01:41]}
18. Rfe1 {[%clk 0:01:27]} Qc7 {[%clk 0:01:42]} 19. Nc3 {[%clk 0:01:27]} Qc6
{[%clk 0:01:35]} 20. Re2 {[%clk 0:01:10]} b5 {[%clk 0:01:15]} 21. Rde1
{[%clk 0:01:06]} d4 {[%clk 0:01:16]} 22. Nxb5 {[%clk 0:00:54]} Qxb5
{[%clk 0:01:14]} 23. e5 {[%clk 0:00:55]} Bf8 {[%clk 0:00:37]} 24. exf6 Nxf6 25.
Ba3 {[%clk 0:00:47]} Nd5 {[%clk 0:00:37]} 26. Rxe8 Rxe8 27. Rxe8 {[%clk 0:00:29]}
Qxe8 {[%clk 0:00:40]} 28. Qc4 {[%clk 0:00:28]} Nb6 {[%clk 0:00:26]} 29. Qa6
{[%clk 0:00:29]} Qe2 {[%clk 0:00:26]} 30. Qxa7 {[%clk 0:00:28]} Bd6
{[%clk 0:00:22]} 31. g3 {[%clk 0:00:16]} Qxf3 {[%clk 0:00:14]} 32. Qxb6
{[%clk 0:00:17]} Bf8 {[%clk 0:00:13]} 33. Bxc5 {[%clk 0:00:17]} Bxc5
{[%clk 0:00:07]} 34. Qxc5 {[%clk 0:00:18]} h5 {[%clk 0:00:06]} 35. Qxd4
{[%clk 0:00:19]} g5 {[%clk 0:00:07]} 36. Qd8+ {[%clk 0:00:19]} Kh7
{[%clk 0:00:08]} 37. Qxg5 {[%clk 0:00:19]} 1-0

[Event "Blitz 2018"]
[Site "Saint-Petersburg"]
[Date "2018.12.30"]
[Round "17"]
[Board "20"]
[White "Van Foreest Jorden (NED)"]
[Black "Guseinov Gadir (AZE)"]
[Result "1/2-1/2"]
[LiveChessVersion "1.4.8"]
[BlackElo "2708"]
[WhiteElo "2657"]

1. d4 {[%clk 0:03:02]} Nf6 {[%clk 0:03:03]} 2. Bf4 {[%clk 0:03:02]} d6
{[%clk 0:03:04]} 3. Nf3 {[%clk 0:03:01]} g6 {[%clk 0:03:05]} 4. Nc3
{[%clk 0:03:02]} Bg7 {[%clk 0:03:06]} 5. e4 {[%clk 0:03:03]} O-O {[%clk 0:03:06]}
6. Qd2 {[%clk 0:03:04]} c6 {[%clk 0:03:01]} 7. h3 {[%clk 0:03:02]} b5
{[%clk 0:03:02]} 8. Bd3 {[%clk 0:03:01]} Bb7 {[%clk 0:02:59]} 9. O-O
{[%clk 0:02:57]} b4 {[%clk 0:02:54]} 10. Ne2 {[%clk 0:02:58]} c5 {[%clk 0:02:54]}
11. dxc5 {[%clk 0:02:19]} Nxe4 {[%clk 0:02:43]} 12. Bxe4 {[%clk 0:02:04]} Bxe4
{[%clk 0:02:44]} 13. Ng5 {[%clk 0:02:05]} Bf5 {[%clk 0:02:23]} 14. cxd6
{[%clk 0:02:06]} Nc6 {[%clk 0:02:05]} 15. Ng3 {[%clk 0:02:06]} Bxb2
{[%clk 0:01:51]} 16. Nxf5 {[%clk 0:02:06]} gxf5 {[%clk 0:01:51]} 17. Qd5
{[%clk 0:02:07]} Nd4 {[%clk 0:01:46]} 18. Rab1 {[%clk 0:01:31]} Ne2+
{[%clk 0:01:44]} 19. Kh1 {[%clk 0:01:31]} Nxf4 {[%clk 0:01:45]} 20. Qxf5
{[%clk 0:01:18]} Ng6 {[%clk 0:01:36]} 21. dxe7 {[%clk 0:01:18]} Qxe7
{[%clk 0:01:34]} 22. Rxb2 {[%clk 0:01:18]} Rac8 {[%clk 0:01:35]} 23. Ne4
{[%clk 0:01:14]} Kg7 {[%clk 0:01:32]} 24. Ng3 {[%clk 0:01:12]} Qe5
{[%clk 0:01:08]} 25. Rxb4 Rc5 {[%clk 0:01:02]} 26. Qxe5+ {[%clk 0:01:03]} Nxe5
{[%clk 0:01:03]} 27. Re1 {[%clk 0:01:03]} Ng6 {[%clk 0:01:01]} 28. Re2
{[%clk 0:01:03]} Rfc8 {[%clk 0:01:02]} 29. Ra4 {[%clk 0:01:03]} Rxc2
{[%clk 0:01:02]} 30. Rxa7 {[%clk 0:01:04]} Rxe2 {[%clk 0:01:03]} 31. Nxe2
{[%clk 0:01:05]} Rc2 {[%clk 0:01:04]} 32. Ng3 {[%clk 0:00:45]} Rxf2
{[%clk 0:01:05]} 33. Ne4 {[%clk 0:00:46]} Re2 {[%clk 0:00:46]} 34. Ng5
{[%clk 0:00:47]} Ne5 {[%clk 0:00:42]} 35. Ne6+ {[%clk 0:00:41]} Kf6
{[%clk 0:00:40]} 36. Nf4 {[%clk 0:00:42]} Rd2 {[%clk 0:00:40]} 37. Ra5
{[%clk 0:00:28]} Nc4 {[%clk 0:00:19]} 38. Rc5 {[%clk 0:00:28]} Ne3
{[%clk 0:00:17]} 39. Rc3 {[%clk 0:00:12]} Rd1+ {[%clk 0:00:14]} 40. Kh2
{[%clk 0:00:15]} Nf1+ {[%clk 0:00:17]} 41. Kg1 Nd2+ 42. Kh2 {[%clk 0:00:13]} Nf1+
{[%clk 0:00:16]} 43. Kg1 {[%clk 0:00:14]} Nd2+ {[%clk 0:00:11]} 1/2-1/2

[Event "Blitz 2018"]
[Site "Saint-Petersburg"]
[Date "2018.12.30"]
[Round "17"]
[Board "21"]
[White "Jobava Baadur (GEO)"]
[Black "Ghaem Maghami Ehsan (IRI)"]
[Result "1/2-1/2"]
[LiveChessVersion "1.4.8"]
[BlackElo "2582"]
[WhiteElo "2705"]

1. d4 {[%clk 0:03:02]} Nf6 {[%clk 0:03:02]} 2. c4 {[%clk 0:03:02]} e6
{[%clk 0:03:02]} 3. Nc3 {[%clk 0:03:02]} Bb4 {[%clk 0:03:02]} 4. e3
{[%clk 0:03:02]} O-O {[%clk 0:03:01]} 5. Bd3 {[%clk 0:03:03]} c5 {[%clk 0:02:58]}
6. Nge2 {[%clk 0:03:04]} d5 {[%clk 0:02:58]} 7. cxd5 {[%clk 0:03:04]} cxd4
{[%clk 0:02:57]} 8. exd4 {[%clk 0:03:05]} Nxd5 {[%clk 0:02:54]} 9. O-O
{[%clk 0:03:05]} Nc6 {[%clk 0:02:55]} 10. Nxd5 {[%clk 0:03:05]} exd5
{[%clk 0:02:43]} 11. Qc2 {[%clk 0:03:04]} h6 {[%clk 0:02:41]} 12. Be3
{[%clk 0:03:03]} Bd6 {[%clk 0:02:39]} 13. a3 {[%clk 0:03:04]} Be6
{[%clk 0:02:24]} 14. Rac1 {[%clk 0:02:56]} Rc8 {[%clk 0:02:25]} 15. Qd2
{[%clk 0:02:57]} Qh4 {[%clk 0:02:09]} 16. g3 {[%clk 0:02:56]} Qh5
{[%clk 0:01:57]} 17. Nc3 {[%clk 0:02:24]} Bg4 {[%clk 0:01:50]} 18. Rfe1
{[%clk 0:02:15]} Bf3 {[%clk 0:01:33]} 19. Bf4 {[%clk 0:02:05]} Rcd8
{[%clk 0:01:19]} 20. Nb5 {[%clk 0:01:58]} Bxf4 {[%clk 0:01:07]} 21. Qxf4
{[%clk 0:01:58]} Be4 {[%clk 0:01:03]} 22. Be2 {[%clk 0:01:27]} Qg5
{[%clk 0:01:03]} 23. Qxg5 {[%clk 0:01:10]} hxg5 {[%clk 0:01:04]} 24. Red1
{[%clk 0:00:52]} Rfe8 {[%clk 0:00:57]} 25. Nc3 {[%clk 0:00:53]} Na5
{[%clk 0:00:49]} 26. Nxe4 {[%clk 0:00:45]} Rxe4 {[%clk 0:00:30]} 27. Bf3
{[%clk 0:00:46]} Re7 {[%clk 0:00:17]} 28. Rc5 {[%clk 0:00:43]} Nc4
{[%clk 0:00:11]} 29. Rxd5 {[%clk 0:00:31]} Rxd5 {[%clk 0:00:12]} 30. Bxd5
{[%clk 0:00:31]} Nxb2 {[%clk 0:00:13]} 31. Rb1 {[%clk 0:00:31]} Re2
{[%clk 0:00:10]} 32. Rc1 {[%clk 0:00:32]} Re7 {[%clk 0:00:09]} 33. Rb1
{[%clk 0:00:27]} Re2 {[%clk 0:00:10]} 34. Bxb7 {[%clk 0:00:27]} Rd2
{[%clk 0:00:09]} 35. d5 {[%clk 0:00:26]} Nc4 {[%clk 0:00:05]} 36. a4
{[%clk 0:00:25]} a5 {[%clk 0:00:03]} 37. Bc6 {[%clk 0:00:26]} g4 {[%clk 0:00:04]}
38. Bd7 {[%clk 0:00:23]} Ne5 {[%clk 0:00:04]} 39. Bc6 {[%clk 0:00:21]} Rc2
{[%clk 0:00:04]} 40. Bb5 {[%clk 0:00:19]} Rd2 {[%clk 0:00:05]} 41. Bc6
{[%clk 0:00:18]} Rc2 {[%clk 0:00:06]} 42. Bb7 {[%clk 0:00:19]} Rd2
{[%clk 0:00:06]} 43. Kf1 {[%clk 0:00:17]} g6 {[%clk 0:00:07]} 44. Kg2
{[%clk 0:00:07]} Kf8 {[%clk 0:00:07]} 45. h3 {[%clk 0:00:07]} f5 46. hxg4
{[%clk 0:00:07]} fxg4 {[%clk 0:00:10]} 47. Re1 {[%clk 0:00:06]} Nd3
{[%clk 0:00:10]} 48. Re4 {[%clk 0:00:05]} Rxf2+ 49. Kg1 Rb2 {[%clk 0:00:09]} 50.
Bc6 {[%clk 0:00:07]} Nb4 {[%clk 0:00:07]} 51. Rxg4 {[%clk 0:00:07]} Kf7
{[%clk 0:00:08]} 52. Rf4+ {[%clk 0:00:06]} Ke7 {[%clk 0:00:09]} 53. Re4+
{[%clk 0:00:08]} Kf7 {[%clk 0:00:09]} 54. Bb5 {[%clk 0:00:09]} Rd2
{[%clk 0:00:08]} 55. Bc4 {[%clk 0:00:08]} Kf6 {[%clk 0:00:08]} 56. Kf1
{[%clk 0:00:07]} Kf5 {[%clk 0:00:07]} 57. Re8 {[%clk 0:00:07]} Nxd5
{[%clk 0:00:07]} 58. Ke1 Rd4 59. Be2 {[%clk 0:00:04]} Nc3 {[%clk 0:00:08]} 60.
Bf3 {[%clk 0:00:04]} Rxa4 {[%clk 0:00:08]} 61. Kd2 {[%clk 0:00:05]} Ra3
{[%clk 0:00:09]} 62. Rf8+ {[%clk 0:00:03]} Ke5 {[%clk 0:00:10]} 63. Re8+
{[%clk 0:00:04]} Kf6 {[%clk 0:00:10]} 64. Rf8+ {[%clk 0:00:06]} Ke5
{[%clk 0:00:11]} 65. Re8+ {[%clk 0:00:07]} Kf6 {[%clk 0:00:12]} 66. Rf8+
{[%clk 0:00:08]} Kg7 {[%clk 0:00:12]} 67. Rc8 {[%clk 0:00:09]} Nb1+
{[%clk 0:00:12]} 68. Ke2 {[%clk 0:00:10]} Rc3 {[%clk 0:00:10]} 69. Ra8
{[%clk 0:00:11]} Rc5 {[%clk 0:00:12]} 70. Kd3 {[%clk 0:00:11]} Na3
{[%clk 0:00:11]} 71. Kd4 {[%clk 0:00:12]} Rg5 {[%clk 0:00:12]} 72. g4
{[%clk 0:00:13]} Nb5+ {[%clk 0:00:13]} 73. Ke3 {[%clk 0:00:13]} Nd6
{[%clk 0:00:14]} 74. Kf4 {[%clk 0:00:15]} Rc5 {[%clk 0:00:15]} 75. g5
{[%clk 0:00:15]} Rf5+ {[%clk 0:00:15]} 76. Kg4 {[%clk 0:00:17]} Nf7
{[%clk 0:00:16]} 77. Ra7 {[%clk 0:00:18]} Kf8 {[%clk 0:00:18]} 78. Ra8+
{[%clk 0:00:18]} Ke7 {[%clk 0:00:19]} 79. Ra7+ {[%clk 0:00:19]} Kf8
{[%clk 0:00:20]} 80. Be4 {[%clk 0:00:20]} Rxg5+ {[%clk 0:00:18]} 81. Kf4
{[%clk 0:00:22]} Rc5 {[%clk 0:00:09]} 82. Bxg6 {[%clk 0:00:22]} Nd6
{[%clk 0:00:09]} 83. Rd7 {[%clk 0:00:19]} Rd5 {[%clk 0:00:08]} 84. Ra7
{[%clk 0:00:20]} Rc5 {[%clk 0:00:09]} 85. Rd7 {[%clk 0:00:21]} Rd5
{[%clk 0:00:09]} 86. Ra7 {[%clk 0:00:22]} Rc5 {[%clk 0:00:10]} 87. Rd7
{[%clk 0:00:22]} Rd5 {[%clk 0:00:08]} 88. Ke4 1/2-1/2

[Event "Blitz 2018"]
[Site "Saint-Petersburg"]
[Date "2018.12.30"]
[Round "17"]
[Board "22"]
[White "Melkumyan Hrant (ARM)"]
[Black "Amin Bassem (EGY)"]
[Result "0-1"]
[LiveChessVersion "1.4.8"]
[BlackElo "2659"]
[WhiteElo "2699"]

1. d4 {[%clk 0:03:03]} Nf6 {[%clk 0:03:03]} 2. Nf3 {[%clk 0:03:04]} g6
{[%clk 0:03:04]} 3. Nc3 {[%clk 0:03:05]} d5 {[%clk 0:03:05]} 4. Bf4
{[%clk 0:03:06]} Bg7 {[%clk 0:03:03]} 5. Nb5 {[%clk 0:03:07]} Na6
{[%clk 0:03:01]} 6. e3 {[%clk 0:03:08]} c6 {[%clk 0:02:56]} 7. Nc3
{[%clk 0:03:09]} Nb8 {[%clk 0:02:53]} 8. h3 {[%clk 0:03:10]} O-O {[%clk 0:02:53]}
9. Be2 {[%clk 0:03:10]} Nbd7 {[%clk 0:02:48]} 10. O-O {[%clk 0:03:10]} Re8
{[%clk 0:02:46]} 11. Bh2 {[%clk 0:03:10]} a5 {[%clk 0:02:43]} 12. Ne5
{[%clk 0:03:01]} Nxe5 {[%clk 0:02:39]} 13. Bxe5 {[%clk 0:03:02]} Ne4
{[%clk 0:02:18]} 14. Nxe4 {[%clk 0:02:52]} Bxe5 {[%clk 0:02:18]} 15. dxe5
{[%clk 0:02:46]} dxe4 {[%clk 0:02:19]} 16. Qd4 {[%clk 0:02:41]} Qxd4
{[%clk 0:01:49]} 17. exd4 {[%clk 0:02:42]} Rd8 {[%clk 0:01:50]} 18. Rad1
{[%clk 0:02:31]} Be6 {[%clk 0:01:34]} 19. a3 {[%clk 0:02:32]} f6 {[%clk 0:01:25]}
20. exf6 {[%clk 0:02:17]} exf6 {[%clk 0:01:26]} 21. Rfe1 {[%clk 0:02:18]} f5
{[%clk 0:01:22]} 22. f3 {[%clk 0:02:13]} Bd5 {[%clk 0:01:17]} 23. c4
{[%clk 0:01:54]} exf3 {[%clk 0:01:15]} 24. gxf3 {[%clk 0:01:55]} Bf7
{[%clk 0:01:12]} 25. f4 {[%clk 0:01:56]} Rd7 {[%clk 0:01:08]} 26. Kf2
{[%clk 0:01:31]} Rad8 {[%clk 0:01:09]} 27. d5 {[%clk 0:01:33]} cxd5
{[%clk 0:01:08]} 28. c5 {[%clk 0:01:34]} d4 {[%clk 0:01:07]} 29. Bb5
{[%clk 0:01:28]} Rd5 {[%clk 0:00:56]} 30. b4 {[%clk 0:01:30]} axb4
{[%clk 0:00:56]} 31. axb4 {[%clk 0:01:31]} d3 {[%clk 0:00:57]} 32. Re7
{[%clk 0:01:28]} Rd4 {[%clk 0:00:58]} 33. Rxb7 {[%clk 0:01:13]} Rxf4+
{[%clk 0:00:59]} 34. Kg3 {[%clk 0:01:05]} Rxb4 {[%clk 0:00:47]} 35. c6
{[%clk 0:01:07]} f4+ {[%clk 0:00:45]} 36. Kf2 {[%clk 0:00:51]} Rb2+
{[%clk 0:00:42]} 37. Kf3 {[%clk 0:00:52]} g5 {[%clk 0:00:35]} 38. Kg4
{[%clk 0:00:25]} h5+ {[%clk 0:00:09]} 39. Kxg5 {[%clk 0:00:22]} Kg7
{[%clk 0:00:08]} 40. Rxd3 {[%clk 0:00:15]} Rxb5+ {[%clk 0:00:08]} 41. Rxb5
{[%clk 0:00:07]} Rxd3 {[%clk 0:00:09]} 42. Rc5 {[%clk 0:00:09]} Rd5+
{[%clk 0:00:07]} 43. Rxd5 {[%clk 0:00:08]} Bxd5 {[%clk 0:00:08]} 44. c7
{[%clk 0:00:07]} Be6 {[%clk 0:00:10]} 45. Kxf4 {[%clk 0:00:08]} Kg6
{[%clk 0:00:10]} 46. h4 {[%clk 0:00:08]} Kf6 {[%clk 0:00:11]} 47. Ke4
{[%clk 0:00:09]} Bc8 {[%clk 0:00:11]} 48. Kf4 {[%clk 0:00:11]} Bf5
{[%clk 0:00:12]} 49. Kf3 {[%clk 0:00:11]} Ke5 {[%clk 0:00:13]} 50. Ke3
{[%clk 0:00:13]} Bg4 {[%clk 0:00:13]} 51. Kd4+ 0-1